| 000 | 00409pab a2200145 454500 | ||
|---|---|---|---|
| 008 | 180718b1984 xxu||||| |||| 00| 0 eng d | ||
| 100 | _aAgarwal, B.L. | ||
| 245 |
_aIdentification of activities and technological choice _bSome lesson from the past for employment strategy |
||
| 260 | _c1984 | ||
| 300 | _a1-11 | ||
| 362 | _aJuly-Sept. | ||
| 650 | _aTechnology | ||
| 773 | _aManpower Journal | ||
| 909 | _a19106 | ||
| 999 |
_c19106 _d19106 |
||